[Geometry Dash] Creators with most Downloads - Statistics

General Stats
  • This quiz has been taken 74 times
    22 since last reset
  • The average score is 39 of 113
Answer Stats
# 1M+ Creator % Correct
74 5 Riot
100%
2 40 Viprin
100%
6 23 Darnoc
78%
8 21 FunnyGame
78%
13 15 KrmaL
78%
23 10 Darwin
67%
55 7 Jax
67%
24 10 Michigun
67%
1 41 Serponge
67%
22 10 bli
56%
5 24 Danolex
56%
84 5 DiMaViKuLov26
56%
4 25 IIINePtunEIII
56%
15 13 JerkRat
56%
96 4 YunHaSeu14
56%
3 32 ZenthicAlpha
56%
25 10 Zobros
56%
41 8 Adiale
44%
17 12 alkali
44%
18 12 Berkoo
44%
68 6 BranSilver
44%
36 8 Cody
44%
33 8 Colon
44%
9 18 Danzmen
44%
12 16 f3lixsram
44%
11 17 GD Jose
44%
95 4 Ggb0y
44%
30 9 Glittershroom
44%
105 4 God Of Music
44%
10 18 izhar
44%
38 8 Jerry4
44%
54 7 Jeyzor
44%
16 12 JonathanGD
44%
52 7 MasK463
44%
100 4 Minesap
44%
82 5 MrCheeseTigrr
44%
47 8 Mulpan
44%
45 8 Partition
44%
26 10 rafer
44%
66 6 SirHadoken
44%
72 6 Spu7Nix
44%
29 9 TriAxis
44%
56 7 Usermatt18
44%
58 7 UsernameDefault
44%
65 6 AbstractDark
33%
97 4 Andromeda
33%
62 6 AutoNick
33%
81 5 CastriX
33%
99 4 DavJT
33%
70 6 ferdefunky
33%
31 9 haoN
33%
34 8 Jayuff
33%
91 4 Knobbelboy
33%
75 5 Knots
33%
14 15 Lemons
33%
98 4 Nicki1202
33%
78 5 Nico99
33%
77 5 Pauze
33%
76 5 Rob Buck
33%
113 4 Split72
33%
20 11 Subwoofer
33%
21 11 Sumsar
33%
19 12 SUOMI
33%
48 7 Xender Game
33%
51 7 zejoant
33%
60 7 ZelLink
33%
79 5 16lord
22%
103 4 Cirtrax
22%
49 7 DangerKat
22%
92 4 Debihan
22%
39 8 DHaner
22%
7 21 DORABAE
22%
71 6 Dudex
22%
57 7 Echonox
22%
44 8 Etzer
22%
110 4 Extrox
22%
83 5 Gelt
22%
104 4 GirlyAle02
22%
87 5 Hyenada
22%
90 5 ItzKiba
22%
94 4 Lazerblitz
22%
109 4 LeocreatorX
22%
37 8 Lyod
22%
93 4 Manix648
22%
106 4 MoistenedEgg
22%
102 4 noobas
22%
85 5 Noriega
22%
73 5 Optical
22%
63 6 OSIRIS GD
22%
61 6 Rabbitical
22%
50 7 Rustam
22%
42 8 schady
22%
64 6 Skitten
22%
40 8 TamaN
22%
80 5 thejshadow
22%
67 6 TrueChaos
22%
28 10 Unzor
22%
101 4 Whirl
22%
27 10 x8Px
22%
89 5 BadKlatt
11%
112 4 DeeperSpace
11%
43 8 DzRAS
11%
35 8 Experience D
11%
53 7 Findexi
11%
69 6 KFAOpitar
11%
107 4 MinAY
11%
86 5 Pipenachho
11%
46 8 lilbin
0%
111 4 Mitchell
0%
32 9 nasgubb
0%
108 4 Presta
0%
88 5 sweetdude
0%
59 7 Torch121
0%
No matching quizzes found
Score Distribution
Percent of People with Each Score
Percentile by Number Answered
Your Score History
You have not taken this quiz since the last reset